Statistics for Large Countries With A Small Population

Click here to take the quiz!

General Stats

  • This quiz has been taken 48 times
    (44 since last reset)
  • The average score is 12 of 15

Answer Stats

ContinentAnswer% Correct
OceaniaAustralia
95%
South AmericaBolivia
90%
North AmericaCanada
90%
AfricaLibya
90%
AsiaMongolia
90%
Asia (Middle East)Saudi Arabia
90%
AsiaKazakhstan
88%
AfricaAlgeria
83%
South AmericaArgentina
83%
AfricaMali
83%
AfricaNamibia
75%
AfricaNiger
75%
AfricaSudan
73%
EuropeUkraine
70%
AfricaAngola
63%

Score Distribution

Percentile by Number Answered

Percent of People with Each Score

Your Score History

You have not taken this quiz since the last reset